entrepreneurship (Record no. 55983)
[ view plain ]
| 000 -LEADER | |
|---|---|
| fixed length control field | 00438nam a22001577a 4500 |
| 003 - CONTROL NUMBER IDENTIFIER | |
| control field | LK-CoUSC |
| 005 - DATE AND TIME OF LATEST TRANSACTION | |
| control field | 20240726113111.0 |
| 008 - FIXED-LENGTH DATA ELEMENTS--GENERAL INFORMATION | |
| fixed length control field | 240726b CE ||||| |||| 00| 0 eng d |
| 020 ## - INTERNATIONAL STANDARD BOOK NUMBER | |
| International Standard Book Number | 9780170352550 |
| 040 ## - CATALOGING SOURCE | |
| Transcribing agency | a |
| 100 ## - MAIN ENTRY--PERSONAL NAME | |
| Personal name | nl Fnid |
| 245 ## - TITLE STATEMENT | |
| Title | entrepreneurship |
| 650 ## - SUBJECT ADDED ENTRY--TOPICAL TERM | |
| Source of heading or term | Management |
| 856 ## - ELECTRONIC LOCATION AND ACCESS | |
| Materials specified | Tap here for eBook |
| Uniform Resource Identifier | <a href="https://drive.google.com/file/d/1Qzh_9XzTEQ5AxF3f4I4jfraphzTHXLrm/view?usp=sharing">https://drive.google.com/file/d/1Qzh_9XzTEQ5AxF3f4I4jfraphzTHXLrm/view?usp=sharing</a> |
| 942 ## - ADDED ENTRY ELEMENTS (KOHA) | |
| Source of classification or shelving scheme | Dewey Decimal Classification |
| Koha item type | eBook |
| Suppress in OPAC | No |
| 945 ## - LOCAL PROCESSING INFORMATION (OCLC) | |
| a | 1 |
| b | Madushi Gamage |
| c | 1 |
| d | Madushi Gamage |
| Withdrawn status | Lost status | Source of classification or shelving scheme | Damaged status | Not for loan | Home library | Current library | Date acquired | Total checkouts | Date last seen | Price effective from | Koha item type |
|---|---|---|---|---|---|---|---|---|---|---|---|
| Dewey Decimal Classification | UCSC Digital Library | UCSC Digital Library | 26/07/2024 | 26/07/2024 | 26/07/2024 | eBook |